10 countries with the most Muslims - Statistics

General Stats
  • This quiz has been taken 201 times
  • The average score is 8 of 10
Answer Stats
Number of muslims Countries % Correct
151.4m İndia
92%
64m İran
92%
159.7m Pakistan
92%
70.5m Egypt
88%
207m Indonesia
85%
68.9m Turkey
82%
64.3 Nigeria
78%
132.4m Bangladesh
77%
33m Algeria
72%
32.3m Morocco
71%
No matching quizzes found
Score Distribution
Percent of People with Each Score
Percentile by Number Answered
Your Score History
You have not taken this quiz